00282nam a2200097 4500008004100000050002200041082001300063245005700076260004300133300000800176230621b xxu||||| |||| 00| 0 eng d a328.03 bCPA 1990 bCPA 1990 aReport of the Commonwealth Parliamentary Association aZimbabwebParliament of Zimbabwec1990 a19p